StatLab : an empirical introduction to statistics /
Guardado en:
| Autor Principal: | |
|---|---|
| Otros Autores: | , |
| Formato: | Libro |
| Idioma: | English |
| Publicado: |
New York :
McGraw-Hill,
[1975]
|
| Series: | McGraw-Hill series in probability and statistics
|
| Materias: | |
| Etiquetas: |
Agregar Etiqueta
Sin Etiquetas, Sea el primero en etiquetar este registro!
|
| LEADER | 00866cam a2200229 a 4500 | ||
|---|---|---|---|
| 001 | MAT.inmabb006048 | ||
| 008 | 740823s1975####nyua##########001#0#eng## | ||
| 005 | 20110916120047.0 | ||
| 245 | 1 | 0 | |a StatLab : |b an empirical introduction to statistics / |c [by] J. L. Hodges, Jr., David Krech [and] Richard S. Crutchfield. |
| 260 | |a New York : |b McGraw-Hill, |c [1975] | ||
| 300 | |a vi, 372 p. : |b il. ; |c 24 cm. |a and set of worksheets (64 p.) with 2 dice. |c 29 cm. | ||
| 490 | 0 | |a McGraw-Hill series in probability and statistics | |
| 500 | |a Incluye formularios para cuestionario StatLab. | ||
| 020 | |a 0070291349 | ||
| 100 | 1 | |a Hodges, J. L. |q (Joseph Lawson), |d 1922- | |
| 700 | 1 | |a Krech, David. | |
| 700 | 1 | |a Crutchfield, Richard S. | |
| 650 | 0 | |a Statistics. | |
| 084 | |a 62-01 |2 msc2000 | ||
| 010 | |a 74018116 | ||
| 040 | |a DLC |c DLC |d DLC | ||
| 859 | |h 62 |i H688 |p A-5328 |b BIB. MATEMATICA | ||
